| 000 | 00592nam a2200205 i 4500 | ||
|---|---|---|---|
| 001 | 30877 | ||
| 003 | ES-MaACL | ||
| 005 | 20230906154253.0 | ||
| 007 | t| | ||
| 008 | 030127s1986 sp ||||1| spa d | ||
| 020 | _a84-7644-007-3 | ||
| 100 | 1 |
_aBaz, Manuel. _926725 |
|
| 245 | 1 | 3 |
_aEl lío de cada día / _cManuel Baz. |
| 260 |
_aMadrid : _bAntonio Machado, _c1986. |
||
| 300 |
_a80 p. ; _c17 cm. |
||
| 490 | 1 |
_aBiblioteca Antonio Machado de teatro ; _v2 |
|
| 830 | 0 |
_aBiblioteca Antonio Machado de teatro ; _v2 _9178191 |
|
| 852 |
_aES-MaACL _jL-10954 _bR.112621 |
||
| 999 |
_c30877 _d30877 |
||